Vibrations of cylindrical shells /
محفوظ في:
| المؤلف الرئيسي: | |
|---|---|
| التنسيق: | أطروحة كتاب |
| اللغة: | English |
| منشور في: |
1996.
|
| الموضوعات: | |
| الوسوم: |
إضافة وسم
لا توجد وسوم, كن أول من يضع وسما على هذه التسجيلة!
|
| LEADER | 00724cam a2200229 a 4500 | ||
|---|---|---|---|
| 001 | u400562 | ||
| 003 | SIRSI | ||
| 008 | 960808s1996 si v 00 1 eng m | ||
| 035 | |a ACA-8631 | ||
| 040 | |a UMM | ||
| 090 | |a TA660 |b C9Loy | ||
| 100 | 1 | 0 | |a Loy, Chee Tong. |
| 245 | 1 | 0 | |a Vibrations of cylindrical shells / |c by Loy Chee Tong. |
| 260 | |c 1996. | ||
| 300 | |a xvii, 160 leaves : |b ill. ; |c 30 cm. | ||
| 502 | |a Dissertation (M.Eng.) -- National University of Singapore, 1996. | ||
| 504 | |a Bibliography: leaves 153-160. | ||
| 650 | 0 | |a Cylinders |x Vibration | |
| 650 | 0 | |a Shells (Engineering) |x Vibration | |
| 948 | |a 08/08/1996 |b 25/11/2000 | ||
| 596 | |a 1 | ||
| 999 | |a TA660 C9LOY |w LC |c 1 |i A506132867 |l STACKS |m P01UTAMA |r Y |s Y |t TESIS |u 30/9/1996 | ||
